000
00280nam a2200121Ia 4500
008
231129s1996||||xx |||||||||||||| ||spa||
040
_b
spa
082
_a
Co861 L697
245
0
_a
Libro de los nocturnos
260
_c
1996
264
_a
Instituto Caro y Cuervo
942
_2
ddc
_c
BKS
999
_c
19234
_d
19234